000 00306nam a22001337a 4500
003 SGT
020 _a9788179101363
082 _a428,BAN
100 _aBANERJEE,A.K.
245 _aMORDEN TEACHING OF ENGLISH
260 _aJAIPUR
_bAAVISHKAR PUBLISHERS DISTRIBUTORS
_c2018
300 _a248
942 _2ddc
_cBK
999 _c34032
_d34032